La buena fe en el contrato de trabajo: un estudio de la buena fe como elemento de integración de contrato de trabajo
Zapisane w:
| 1. autor: | |
|---|---|
| Format: | Książka |
| Język: | hiszpański |
| Wydane: |
Madrid
La Ley
2007
|
| Wydanie: | 1a. ed |
| Hasła przedmiotowe: | |
| Etykiety: |
Dodaj etykietę
Nie ma etykietki, Dołącz pierwszą etykiete!
|
MARC
| LEADER | 00000nam a2200000 a 4500 | ||
|---|---|---|---|
| 001 | UCI4333 | ||
| 003 | CL-VaPUC | ||
| 008 | 080111e20070000SP |||||||||||||||||spa|d | ||
| 020 | |a 9788497258418 | ||
| 082 | 0 | 4 | |a 344.01 |b CON |2 21 |
| 100 | 0 | |a Conde Marín, Emilia |e author |9 526168 | |
| 245 | 1 | 3 | |a La buena fe en el contrato de trabajo: un estudio de la buena fe como elemento de integración de contrato de trabajo |
| 250 | |a 1a. ed | ||
| 300 | |a 446 p | ||
| 942 | |c BK | ||
| 945 | |d 20080111 00:00:00 |a jtorresc | ||
| 260 | |a Madrid |b La Ley |c 2007 | ||
| 650 | 7 | |a DERECHO LABORAL |2 CL-VaPUC |9 15 | |
| 650 | 7 | |a DEBERES Y DERECHOS |2 CL-VaPUC |9 446596 | |
| 650 | 0 | |a Buena fe |9 383961 | |
| 650 | 0 | |a Trabajadores |9 260887 | |
| 650 | 7 | |a CONTRATO DE TRABAJO |2 CL-VaPUC |9 526169 | |
| 583 | |a last modification |c 20080111 00:00:00 |k Rodrigo Vera | ||
| 999 | |c 328287 |d 328285 | ||
| 952 | |0 0 |1 0 |4 0 |6 344_010000000000000_CON_2007 |7 0 |8 A |9 412117 |a BIBDER |b BIBDER |d 2019-11-22 |i 4400275 |o 344.01 CON 2007 |p 4400275 |r 2023-01-25 |w 2019-11-22 |y BK |k DER | ||